| 000 | 00694nam a2200229Ia 4500 | ||
|---|---|---|---|
| 001 | 2889 | ||
| 003 | GE_BSU | ||
| 008 | 181216s||||||||xx |||||||||||||| ||und|| | ||
| 020 | _a5211030680 | ||
| 040 | _cGE_BSU | ||
| 080 | _a338+351.82 | ||
| 100 | _aСтилиц, Дж. Ю. | ||
| 245 | _aЭкономика государственного сектора= Economics of the public sector. | ||
| 245 | _cНауч. ред. пер. Г. М. Куманин | ||
| 260 | _aМосква | ||
| 260 | _bизд-во МГУ Инфра-М | ||
| 260 | _c1997 | ||
| 300 | _a720 с. | ||
| 541 | _h18.75 л. | ||
| 653 | _aЭкономика государственного сектора | ||
| 942 | _cBK | ||
| 999 |
_c36938 _d36938 |
||